00503nam a2200193 a 4500001001300000003000900013005001700022008004100039020001000080082001700090100002000107245004700127260004000174300000900214500003500223505000900258650002200267700002000289nice12345678IN_TiNIC20260116011825.0050524s0000 chea grp 000 0 urd  ac10000a922.97bIQB4 aIqbal, Mohammad aBaang-E-Dara, Collection of the Urdu Poems aChennai bLilly Soosai Opset c0000 a366p aincludes index and biblioraphy2 aMaps aUrdu-Poetry-iqbal1 aIqbal, Mohammad